Prvá československá pionierska železnica

Bibliographic Details
Other Authors: Uhlík, Karol (Illustrator, Bookjacket designer), Vendler, Karel (Photographer), Záhorský, Ján (Photographer)
Format: Book
Language:Slovak
PhysicalDescription:[44] nečíslovaných strán fotografie, ilustrácie 15x22 cm
Published: Praha Košice Dopravné nakladateľstvo Košická dráha 1956
Edition:Vydání I.
Subjects:

MARC

LEADER 00000nam a2200000 a 4500
001 vtls011724373
003 SK-MaSNL
005 20260311131240.0
008 200104s xr ao 000 0 slo
020 |q (brožované) 
035 |a urn:nbn:sk:snk-am00d02w 
035 |a urn:nbn:sk:snk-am3hh2q 
035 |a D31A095B-E916-4C2E-8F6F-289432F99077 
040 |a SNK  |b slo  |c SNK  |e AACR2 
041 0 |a slo 
043 |a e-cs--- 
044 |a xr  |c CZ  |a xo  |c SK 
072 7 |a 656.2  |x Železničná doprava  |2 konspekt 
080 |a 625.1  |2 2011 
080 |a 061‑053.6  |2 2011 
080 |a (437)  |2 2011 
080 |a (084.11)  |2 2011 
245 0 0 |a Prvá československá pionierska železnica  |c [ilustroval a obálku navrhol Karol Uhlík ; fotografie Karel Vendler, Ján Záhorský] 
250 |a Vydání I. 
260 |a Praha  |b Dopravné nakladateľstvo  |a Košice  |b Košická dráha  |c 1956 
300 |a [44] nečíslovaných strán  |b fotografie, ilustrácie  |c 15x22 cm 
650 0 7 |a železnice  |2 SNKPH  |9 20511 
650 0 7 |a pionierska organizácia  |2 SNKPHeng  |9 53180 
650 0 7 |a Railroads  |2 SNKPHeng  |9 275166 
650 0 7 |a Pioneer - Organization  |2 SNKPHeng  |9 496432 
651 7 |a Československo  |2 SNKPHgeo  |9 21376 
651 7 |a Czechoslovakia  |2 SNKPHeng  |9 265183 
655 7 |a obrazové publikácie  |2 SNKPH  |9 70343 
655 7 |a Pictorial works  |2 SNKPHeng  |9 284468 
700 1 |a Uhlík, Karol  |4 ill  |4 bjd  |9 496433 
700 1 |a Vendler, Karel  |4 pht  |9 496434 
700 1 |a Záhorský, Ján  |4 pht  |9 336307 
999 |c 768340  |d 770270 
952 |a SNK  |b SNK  |y PREZ  |7 0  |p 17A0733321  |o snkSE 1321  |i snkKIP 3625/56  |0 0  |1 0  |4 0  |d 2017-11-29  |f 1  |l 0  |r 2026-02-24 00:26:12  |w 2026-02-24